| 000 | 00991nam a22002657a 4500 | ||
|---|---|---|---|
| 001 | 3589 | ||
| 003 | FISKH | ||
| 005 | 20250530115037.0 | ||
| 008 | 240321b cb ||||| |||| 00| 0 eng d | ||
| 020 | _a9780531204351 | ||
| 040 |
_aFISKH _beng _cFISKH _dFISKH |
||
| 050 | _aTJ163.35 | ||
| 082 | _a333.79 | ||
| 100 |
_aHock, Peggy _eauthor |
||
| 245 |
_aOur earth saving energy / _cby Peggy Hock |
||
| 260 |
_aNew York : _bChildren's Press , _c2009 |
||
| 300 |
_a24 pages : _bcolor illustrations ; _c21 cm . |
||
| 490 | _a Scholastic News Nonfiction Readers | ||
| 505 | _aO | ||
| 520 | _a"Do you like to ride a bike? Bike riders use energy from their bodies to power their bikes. They don't use up other kinds of energy. Why is it important to save Earth's energy? Find out inside. Then learn how you can help"--Publisher's description. | ||
| 521 | 8 |
_a600
_bLexile |
|
| 521 | 8 |
_aO
_bRaz-Plus |
|
| 650 |
_aenergy conservation _vJuvenile literature |
||
| 942 |
_2ddc _cBK _n0 |
||
| 999 |
_c3589 _d3589 |
||